| 000 | 00657 a2200169 4500 | ||
|---|---|---|---|
| 003 | NUST | ||
| 038 | _aMr. Zahoor | ||
| 082 | _aMSIT-8 | ||
| 100 |
_aMehtab Alam Khurshid _955384 |
||
| 245 |
_aHL7 V3 laboratory messaging using SOA Infrastructure [Project MSIT-8] _cMehtab Alam Khurshid |
||
| 260 |
_aIslamabad _bNUST School of Electrical Engineering and Computer Science _c2011 |
||
| 300 |
_avii,64p. _b:ill. _c;27cm.+ _eCD-ROM |
||
| 500 | _aSupervisors: Dr. Hafiz Farooq Ahmad, Dr. Raihan ur Rasool, Mr. Bilal Ali, Ms. Sana Khalique | ||
| 563 | _aHard Binding | ||
| 856 | _uhttp://10.250.8.41:8080/xmlui/handle/123456789/13692 | ||
| 942 |
_cPR _kMSIT-8 MEH _2ddc |
||
| 999 |
_c10496 _d10496 |
||